Couleur Bleue - Statistiques

Statistiques générales
  • Ce quiz a été pris 55 fois
  • Le résultat moyen est 8 sur 15
Statistiques - réponses
Question Réponse % Correct
Quel est l'auteur du tableau majoritairement bleu nommé "la nuit étoilée" et utilisé pour l'image de ce quiz ? Vincent Van Gogh
88%
Célèbre réseau social racheté par Elon Musk qui était autrefois représenté par un oiseau bleu. Twitter
86%
La couleur bleue est associée à la lutte contre ce cancer qui touche uniquement les hommes. Lequel ? Le cancer de la prostate
84%
L'enseigne du leader français de la vente et de la création de produits surgelés, créé en 1974, est représentée par un flocon de neige de couleur bleue (et orange). Picard
82%
Si l'on ajoute une certaine conjonction de coordination - servant à lier les mots pour exprimer une addition - au mot "bleu", on obtient alors une plante de type "Centaurea cyanus". Laquelle ? Le bleuet
70%
Une des personnes atteintes de la maladie ci-dessus était surnommée comme le nom que portent des personnages de dessin animé à cause de cette couleur bleue qu'ils ont en commun. Quel est le nom de ces personnages ? Les Schtroumpfs
70%
Le bleu est une des couleurs royales. La nuance de bleu utilisée dans ce contexte porte d'ailleurs bien son nom. Comment l'appelle-t-on ? Le bleu roi
60%
Dans ces deux pays, environ 89% de la population a les yeux bleus. Donnez-en au moins un. L'Estonie / La Finlande
56%
Drapeau tricolore d'Amérique centrale comprenant du bleu, du blanc et du rouge, ainsi que deux étoiles en diagonale. Le Panama
50%
Département français commençant par la lettre "B" comme pour "bleu". Bouches-du-Rhône
44%
"I'm blue da ba dee da ba da". Blue se traduit par bleu en français, mais qui a chanté cette célèbre chanson ? Indice : leur nom contient à la fois celui d'un des monuments les plus célèbres au monde et le numéro du département des Hautes-Pyrénées. Eiffel 65
38%
Le symbole chimique de cet élément du tableau périodique commence par la même lettre que "bleu" (B). Quel est cet élément chimique ? Le bore
34%
"Tu t'es fait avoir comme un bleu !". Qu'est-ce que cela signifie en un mot ? (plusieurs réponses acceptées - n'écrire qu'un mot sans article devant). Dupé
24%
Le plus grand océan du monde est l'Océan Pacifique. Mais quelle est la mer la plus grande ? La mer Caspienne
12%
Cette affection rend la peau bleue. Elle est provoquée par l'ingestion excessive d'argent, sous forme de poussières d'argent métal ou de composés d'argent. Argyrisme
4%
Aucun quiz correspondant
Distribution des résultats
% des personnes avec chaque résultat
Percentile par nombre de réponses
Votre historique - résultats
Vous n’avez pas pris ce quiz